Vista normal
Vista MARC
Entrada Personal Name
Número de registros utilizados en: 1
001 - CONTROL NUMBER
- control field: 17629
003 - CONTROL NUMBER IDENTIFIER
- control field: DLC
005 - DATE AND TIME OF LATEST TRANSACTION
- control field: 20251021152839.0
008 - FIXED-LENGTH DATA ELEMENTS
- fixed length control field: 881019n| azannaabn |a aaa
010 ## - LIBRARY OF CONGRESS CONTROL NUMBER
- LC control number: n 88025655
- Canceled/invalid LC control number: n 2009043813
035 ## - SYSTEM CONTROL NUMBER
- System control number: (OCoLC)oca02384294
040 ## - CATALOGING SOURCE
- Original cataloging agency: DLC
- Language of cataloging: spa
- Description conventions: rda
- Transcribing agency: Mx-PuUPA
- Modifying agency: DLC
- Modifying agency: OCoLC
- Modifying agency: DLC
- Modifying agency: ICrlF
- Modifying agency: Mx-PuUPA
046 ## - SPECIAL CODED DATES
- Birth date: 1952
- Source of date scheme: edtf
100 1# - HEADING--PERSONAL NAME
- Personal name: Madrazo Pintado, Roberto,
- Dates associated with a name: 1952-
370 ## - ASSOCIATED PLACE
- Place of residence/headquarters: México
- Source of term: naf
372 ## - FIELD OF ACTIVITY
- Field of activity: Ciencia política
- Source of term: lcsh
374 ## - OCCUPATION
- Occupation: Político
- Occupation: Autor
- Source of term: lcsh
375 ## - GENDER
- Gender: hombre
- Source of term: lcdgt
377 ## - ASSOCIATED LANGUAGE
- Language code: eng
400 1# - SEE FROM TRACING--PERSONAL NAME
- Personal name: Pintado, Roberto Madrazo,
- Dates associated with a name: 1952-
400 1# - SEE FROM TRACING--PERSONAL NAME
- Personal name: Madrazo, Roberto,
- Dates associated with a name: 1952-
510 1# - SEE ALSO FROM TRACING--CORPORATE NAME
- Corporate name or jurisdiction name as entry element: Tabasco (Mexico : State).
- Subordinate unit: Governor (1995-1999 : Madrazo Pintado)
670 ## - SOURCE DATA FOUND
- Source citation: His Donde empieza el pavimento, c1987:
- Information found: t.p. (Roberto Madrazo Pintado) back flap (tabasqueño, b. julio de 1952)
670 ## - SOURCE DATA FOUND
- Source citation: 1995, primer año de trabajo, primer año de gobierno, 1995?:
- Information found: cover (Roberto Madrazo Pintado)
670 ## - SOURCE DATA FOUND
- Source citation: Spanish Wikipedia WWW site, Jan. 23, 2007
- Information found: (Roberto Madrazo Pintado; b. July 30, 1952, Villahermosa; governor of Tabasco, Jan. 1, 1995-June 1999, Dec. 1999-Dec. 31, 2000)
670 ## - SOURCE DATA FOUND
- Source citation: Madrazo, Roberto. El despojo, 2009:
- Information found: t.p. (Roberto Madrazo) front flap (b. 1952 in Mexico; urban development scholar) p. 12 (Roberto Madrazo Pintado)
670 ## - SOURCE DATA FOUND
- Source citation: Madrazo, Roberto. México, la historia interminable [ER], 2021 :
- Information found: title page frame (Roberto Madrazo) about the author frame (Roberto Madrazo ; a national leader of the Institutional Revolutionary Party (2002-2005), candidate for the presidency of Mexico (2006), deputy, senator, governor of Tabasco (1995-2000), political delegate in Magdalena Contreras (1980-1982) and national leader of various youth organizations. He is also the author of Donde empieza el pavimento (1987).)